000 00959nam a2200205Ia 4500
003 Ost
005 20260507075136.0
008 260507s9999||||xx |||||||||||||| ||und||
040 _cfsecg
041 _aara
082 _a330
100 _aالعيسوي، ابراهيم
_eمؤلف
245 0 _aقياس التبعية في الوطن العربي /
_c ابراهيم العيسوي
260 _aبيروت:
_bمركز دراسات الوحدة العربية,
_c1989
300 _a264 صفحة؛
_bإيضاحات ؛
_c24 سم
520 _aالإطار النظري- الإطار التطبيقي (مصر- الجزائر- السعودية)-مؤشرات العناصر الحاكمة لهامش المناورة- مؤشرات التبعية الإقتصادية - التبعية الغذائية- التبعية الثقافية- التبعية العسكرية.
653 _aالتبعية
653 _aالوطن العربي
942 _cكتاب
999 _c43263
_d43263